000 00707nam a2200229Ia 4500
005 20250508164032.0
008 008 250505s9999 xx 000 0 eng d
020 _a0-8153-1615-1
037 _aReference
040 _aFEDL
_beng
_cFEDL
041 _aeng
_2eng
084 _a370.19, LEV
_qFEDL
100 _aLevinson David L Ed.
_9777137
245 0 _aEducation and sociology: An encyclopedia
260 _aNew York, USA
_bRoutledge Falmer
_c2002
300 _axiv,734p
365 _aGBP
_b100
650 _aEducational sociology - Encyclopaedia
_9777138
700 _a Cookson Jr. Peter W Ed. Sadovnik Alan R. Ed.
_9777139
942 _cREF
_h370.19, LEV
999 _c1386695
_d1386695